Contexts where traditional culture is an inadequate guide to understanding behavior
Se realiza una breve discusión sobre las metas y tácticas utilizadas en los movimientos sociales para perseguir sus objetivos y sobrevivir.
Furkejuvvon:
| Váldodahkki: | |
|---|---|
| Materiálatiipa: | Texto |
| Fáttát: | |
| Fáddágilkorat: |
Lasit fáddágilkoriid
Eai fáddágilkorat, Lasit vuosttaš fáddágilkora!
|
MARC
| LEADER | 00000 a a2200000 04500 | ||
|---|---|---|---|
| 001 | 40019 | ||
| 003 | |||
| 040 | |||
| 100 | |a Movement goals and tacties | ||
| 245 | |a Contexts where traditional culture is an inadequate guide to understanding behavior | ||
| 520 | |a Se realiza una breve discusión sobre las metas y tácticas utilizadas en los movimientos sociales para perseguir sus objetivos y sobrevivir. | ||
| 590 | |a RRA/AGOSTO2010 | ||
| 650 | |a 1.MOVIMIENTOS SOCIALES | ||
| 650 | |a 2.COMPORTAMIENTO SOCIAL | ||
| 773 | |g páginas 107-114 | ||
| 999 | |c 31652 |d 31652 | ||
